ბათუმის შოთა რუსთაველის სახელმწიფო უნივერსიტეტის ბიბლიოთეკა

კორუფციულ სამოხელეო დანაშაულზე გამოძიებისა და ოპერატიულ-სამძებრო ღონისძიებების ჩატარების თავისებურებები / (ბიბ.ჩანაწერი № 57637)

000 -ლიდერი
ფიქსირებული სიგრძის საკონტროლო ველი 01457nam a22002177a 4500
003 - საკონტროლო ნომრის იდენტიფიკატორი
საკონტროლო ველი Ge_BSU
005 - ბოლო ოპერაციის თარიღი და დრო
საკონტროლო ველი 20210415144923.0
008 - ფიქსირებული სიგრძის მონაცემთა ელემენტები - ზოგადი ინფორმაცია
ფიქსირებული სიგრძის საკონტროლო ველი 200824s2017 ge ||||| |||| 00| 0 geo d
020 ## - წიგნის საერთაშორისო სტანდარტული ნომერი
International Standard Book Number 9789941953743
041 ## - ენის კოდი
Language code of text/sound track or separate title geo
080 ## - უნივერსალური ათობითი კლასიფიკაციის ინდექსი
Universal Decimal Classification number 328.185(479.22)+343.352(479.22) მ-53
100 ## - მთავარი ჩანაწერი - პიროვნების სახელი
Personal name მელქაძე, ზურაბ.
9 (RLIN) 8181
245 ## - ცნობა სათაურის შესახებ
Title კორუფციულ სამოხელეო დანაშაულზე გამოძიებისა და ოპერატიულ-სამძებრო ღონისძიებების ჩატარების თავისებურებები /
Statement of responsibility, etc ზურაბ მელქაძე ; რედ: ჯემალ გახოკიძე, ირაკლი გაბისონია.
264 ## - წარმოების, გამოცემის, დისტრიბუციის და სხვა ცნობები
გამოცემის, წარმოების, დისტრიბუციის... ადგილი თბილისი :
გამოცემის, წარმოების, დისტრიბუციის... სახელწოდება იურისტების სამყარო,
გამოცემის, წარმოების, დისტრიბუციის... თარიღი 2017.
300 ## - ფიზიკური აღწერა
Extent 116 გვ. ;
Other physical details 20 სმ.
500 ## - ზოგადი შენიშვნა
General note წიგნი გამოცემულია საქ. ტექნ. უნ-ტის სამართლისა და საერთაშორისო ურთიერთობების ფაკ-ტის მხარდაჭერით.
504 ## - BIBLIOGRAPHY, ETC. NOTE
Bibliography, etc ბიბლიოგრ.: გვ. 112-115.
653 ## - INDEX TERM--UNCONTROLLED
Uncontrolled term კორუფცია საქართველოში
700 ## - ADDED ENTRY--PERSONAL NAME
Personal name გახოკიძე, ჯემალ
Relator term რედაქტორი.
9 (RLIN) 9290
942 ## - ADDED ENTRY ELEMENTS (KOHA)
Source of classification or shelving scheme
Koha item type წიგნი
ეგზემპლარები
ჩამოწერის სტატუსი დაკარგული ეგზემპლარის სტატუსი კლასიფიკაციის წყარო ან თაროზე გაწყობის სქემა დაზიანების სტატუსი არ გაიცემა მუდმივი მდებარეობა (დაცვის ადგილი) ამჟამინდელი ადგილსამყოფელი თაროზე განთავსების ადგილი შეძენის თარიღი ღირებულება, შესყიდვის ნორმალური ფასი სრული შენახვის შიფრი შტრიხკოდი ბოლო ოპერაციის თარიღი ეგზემპლარის მიმდევრობითი ნომერი (კეტერი?) ფასის ძალაში შესვლის თარიღი ეგზემპლარის სახეობა საჯარო შენიშვნა
          ბათუმის შოთა რუსთაველის სახელმწიფო უნივერსიტეტის მთავარი ბიბლიოთეკა ბათუმის შოთა რუსთაველის სახელმწიფო უნივერსიტეტის მთავარი ბიბლიოთეკა წიგნსაცავი 2020-08-24 9.00 328.185(479.22)+343.352(479.22) მ-53 60885 2020-08-24 60885 2020-08-24 წიგნი 9 ლ.